50 US States By Hints - Statistics

General Stats
  • This quiz has been taken 40 times
  • The average score is 28 of 50
Answer Stats
Hint Answer % Correct
Everything is bigger there Texas
82%
Red Woods California
75%
Famous river named after this state Mississippi
75%
Breaking bad New Mexico
75%
Da Bears Illinois
71%
Statue of Liberty New York
71%
Maple Syrup Vermont
71%
Daytona 500 Florida
68%
Potatoes Idaho
68%
________ Fried Chicken Kentucky
68%
Atlantic City New Jersey
68%
Supersonics Washington
68%
Mile High City is located here Colorado
64%
A lot of cod are caught there Maine
64%
Mt Rushmore South Dakota
64%
Cheese heads Wisconsin
64%
Yellowstone Wyoming
64%
Roll Tide Alabama
61%
One of the four corners states Arizona
61%
George Washington crossed a river named after this state Delaware
61%
Far away from main land Hawaii
61%
Grows a lot of Popcorn Indiana
61%
The wizard of oz was here Kansas
61%
The vikings Minnesota
61%
Area 52 Nevada
61%
Largest Mountain in the United States is here Alaska
57%
The Thunder Oklahoma
57%
Trail Blazers Oregon
57%
Smallest state Rhode Island
57%
Rocky Top _________ Tennessee
57%
Nothing is here Iowa
54%
Omaha Nebraska
54%
Toledo Ohio
54%
Patriots Massachusetts
50%
Fest fudge in the Nation Michigan
50%
Arches National Park Utah
50%
Gateway to the west is here Missouri
46%
Beautiful falls New Hampshire
46%
Myrtle Beach South Carolina
46%
Coca Cola Georgia
43%
The panthers North Carolina
43%
Confederate Capital was here Virginia
43%
Baltimore Maryland
39%
Glacier National park Montana
36%
Lots of nuclear war heads North Dakota
36%
A lot of coal mines West Virginia
36%
The diamond state Arkansas
32%
Independence Hall is located here Pennsylvania
32%
Harvard Conneticut
21%
Madi Gras Louisana
18%
No matching quizzes found
Score Distribution
Percent of People with Each Score
Percentile by Number Answered
Your Score History
You have not taken this quiz